Aplikácia akruálneho princípu v účtovníctve konkrétnej podnikateľskej účtovnej jednotky diplomová práca

Saved in:
Bibliographic Details
Main Author: Ivančíková, Kristína
Corporate Author: Fakulta hospodárskej informatiky EU. Katedra účtovníctva a audítorstva
Other Authors: Blahušiaková, Miriama, 1980-
Format: Book
Language:Slovak
Published: Bratislava 2018
Tags: Add Tag
No Tags, Be the first to tag this record!

MARC

LEADER 00000nbm a2200000 4500
001 0243482
005 20181108091347.9
041 0 |a slo 
044 |a SK 
245 1 0 |a Aplikácia akruálneho princípu v účtovníctve konkrétnej podnikateľskej účtovnej jednotky  |b diplomová práca  |c Kristína Ivančíková ; školiteľ: Miriama Blahušiaková 
264 1 |a Bratislava  |c 2018 
300 |a 64 s. 
100 1 |a Ivančíková, Kristína 
700 1 |a Blahušiaková, Miriama, 1980- 
710 2 |a Fakulta hospodárskej informatiky EU. Katedra účtovníctva a audítorstva